000 00508nam a2200217Ia 4500
003 0100
008 130307s9999 xx 000 0 und d
040 _cARRUPELIB
050 _aJC71.P35 1928
100 _aBakewell, Charles M
245 _aPlato the Republic
260 _aNew York
260 _bCharles scribner's sons
260 _c1928
300 _a426p.
300 _b17cm
440 _aThe Modern Student's Library
650 _bSocial ethics
650 _cSocial problems
942 0 0 _02
999 _c100664
_d100664